00581nam a2200205Ia 450000500170000000800410001702000150005808200130007324500410008626000410012730000130016865000110018165000130019265000180020565000140022370000220023794200060025995200950026599900150036020240808054730.0240331s9999 xx 000 0 und d a0709935900 bLANa400 0aLanguage, communication & Education aAustraliabThe open universityc1987 a465 p ., aSocial aLanguage aCommunication aEducation aMayor, B.M. eedt cL 001040708LaWERCLbWERCLcSSCd2024-03-31l0o 400 LANp3403r2024-03-31w2024-03-31yL c3024d3024